Postaw na milion 385 - Statystyki

Ogólne statystyki
  • Ten quiz został rozwiązany 24 razy
  • Średni wynik to 7 z 11
Statystyki odpowiedzi
Zagadnienie Odpowiedź % Poprawnych
Biednemu przysłowiowy wiatr zawsze wieje: w oczy
95%
Nowa wersja nakręconego wcześniej filmu to: remake
80%
Stadko owiec na hali to: kierdel
70%
Wąski i Siara to bohaterowie filmu: Kiler
70%
Gruby-chudy, mężatka-panna, kupić-sprzedać to: antonimy
65%
Johnny Cash jest ikoną: country
55%
Co oznacza "chrobry", przydomek pierwszego polskiego króla? dzielny
55%
Czyje imię nosi warszawski most na przedłużeniu Alei Jerozolimskich? księcia Józefa Poniatowskiego
55%
Które z tych państw nie ma granicy lądowej z żadnym z pozostałych? Kuwejt
50%
Wyspa Wielkanocna to inaczej: Rapa Nui
50%
Źródłem energii docierającej do Ziemi jako promienie słoneczne jest: fuzja jądrowa
30%
Nie znaleziono quizów pasujących do podanych kryteriów
Rozkład punktacji
Procent ludzi z każdym wynikiem
Percentyl według liczby udzielonych odpowiedzi
Twoja historia wyników
Nie rozwiązałeś tego quizu